[Event "BCF-chT2 2324 (4NCL)"]
[Site "England"]
[Date "2024.02.10"]
[Round "5.51"]
[White "Li, Henry"]
[Black "Baker, Chris W"]
[Result "1/2-1/2"]
[WhiteElo "2300"]
[BlackElo "2237"]
[PlyCount "121"]
[EventDate "2023.11.11"]
[EventType "team-tourn"]
[EventRounds "11"]
[EventCountry "ENG"]
[SourceTitle "CB11_2024"]
[SourceDate "2024.03.13"]
[SourceVersion "1"]
[SourceVersionDate "2024.03.13"]
[SourceQuality "1"]
[WhiteTeam "Gonzaga"]
[BlackTeam "Warwicks Select"]
[WhiteTeamCountry "ENG"]
[BlackTeamCountry "ENG"]

1. e4 e5 2. Nf3 Nc6 3. Bc4 Nf6 4. d3 Be7 5. 0-0 0-0 6. Re1 d6 7. a4 h6 8. c3 Nh7 9. h3 Ng5 10. Nbd2 Be6 11. Bxe6 Nxe6 12. Nc4 Bf6 13. b4 a6 14. Ne3 Ne7 15. a5 Kh7 16. Bb2 g6 17. c4 Nc6 18. Nd5 Bg7 19. Qd2 Qd7 20. Bc3 f5 21. Qb2 fxe4 22. dxe4 Rxf3 23. gxf3 Ng5 24. Re3 Qxh3 25. Qe2 Nd4 26. Bxd4 exd4 27. Rd3 Qh4 28. f4 c6 29. fxg5 cxd5 30. exd5 Be5 31. Qf3 Qxg5+ 32. Qg3 Qf5 33. Qf3 Qg5+ 34. Qg3 Qf5 35. Rf3 Qd7 36. Qh3 Qe7 37. Qe6 Qg5+ 38. Kf1 Rg8 39. Rf7+ Rg7 40. Re1 d3 41. f4 Qh4 42. fxe5 Qh1+ 43. Kf2 Qh4+ 44. Kg2 Qxe1 45. Rxg7+ Kxg7 46. Qe7+ Kg8 47. Qd8+ Kg7 48. Qc7+ Kg8 49. Qc8+ Kg7 50. Qxb7+ Kg8 51. Qc8+ Kg7 52. Qd7+ Kg8 53. Qe6+ Kg7 54. Qf6+ Kh7 55. exd6 d2 56. Qf7+ Kh8 57. Qf6+ Kh7 58. d7 Qe2+ 59. Kh3 Qe3+ 60. Kg2 Qe2+ 61. Kh3 1/2-1/2

[Event "IRL-ch 101st"]
[Site "Dublin"]
[Date "2022.07.09"]
[Round "8"]
[White "Li, Henry"]
[Black "O'Gorman, Tom"]
[Result "0-1"]
[WhiteElo "2319"]
[BlackElo "2401"]
[PlyCount "80"]
[EventDate "2022.07.02"]
[EventType "swiss"]
[EventRounds "9"]
[EventCountry "IRL"]
[SourceTitle "CBM 209 Extra"]
[Source "ChessBase"]
[SourceDate "2022.09.30"]
[SourceVersion "1"]
[SourceVersionDate "2022.09.30"]
[SourceQuality "1"]

1. e4 c5 2. Nf3 d6 3. d4 cxd4 4. Nxd4 Nf6 5. Nc3 a6 6. Bg5 e6 7. f4 b5 8. e5 dxe5 9. fxe5 Qc7 10. exf6 Qe5+ 11. Be2 Qxg5 12. 0-0 Ra7 13. Qd3 Rd7 14. Ne4 Qe5 15. Nf3 Qc7 16. Qe3 Qa7 17. Qxa7 Rxa7 18. Ne5 Bb7 19. fxg7 Bxg7 20. Nd6+ Ke7 21. Rxf7+ Kxd6 22. Rxg7 Kxe5 23. Bf3 Bxf3 24. Rxa7 Rg8 25. g3 h5 26. c3 h4 27. Re1+ Kd6 28. Kf2 Bd5 29. a3 Rf8+ 30. Ke2 Nc6 31. Rh7 hxg3 32. hxg3 Ne5 33. Ra7 Bc4+ 34. Ke3 Rf3+ 35. Kd2 Rxg3 36. Rxa6+ Kd5 37. Rxe5+ Kxe5 38. a4 Rg2+ 39. Kc1 Ke4 40. Rd6 e5 0-1

[Event "IRL-ch 101st"]
[Site "Dublin"]
[Date "2022.07.04"]
[Round "3"]
[White "Flynn, Jacob"]
[Black "Li, Henry"]
[Result "0-1"]
[WhiteElo "2199"]
[BlackElo "2319"]
[PlyCount "88"]
[EventDate "2022.07.02"]
[EventType "swiss"]
[EventRounds "9"]
[EventCountry "IRL"]
[SourceTitle "CBM 209 Extra"]
[Source "ChessBase"]
[SourceDate "2022.09.30"]
[SourceVersion "1"]
[SourceVersionDate "2022.09.30"]
[SourceQuality "1"]

1. d4 Nf6 2. Nf3 g6 3. g3 Bg7 4. Bg2 0-0 5. 0-0 d6 6. c4 Nc6 7. Nc3 a6 8. b3 Rb8 9. Nd5 Bd7 10. Bb2 Ne4 11. Nf4 Re8 12. Nd3 e6 13. d5 exd5 14. cxd5 Bxb2 15. Nxb2 Ne5 16. Qd4 Nxf3+ 17. exf3 Qf6 18. Qxf6 Nxf6 19. f4 Re2 20. Nc4 b5 21. Bf3 Rc2 22. Ne3 Rd2 23. Rfc1 Rb7 24. Rd1 Rb2 25. Rdb1 Rxb1+ 26. Rxb1 a5 27. a3 h5 28. Rc1 Kf8 29. Nc2 Bf5 30. Nd4 Be4 31. Bxe4 Nxe4 32. Nc6 a4 33. b4 Nf6 34. Na5 Ra7 35. Nc6 Rb7 36. Na5 Rb6 37. Rxc7 Nxd5 38. Ra7 Nc3 39. Nb7 Ke8 40. Ra8+ Kd7 41. Nd8 Ke7 42. Rc8 Nd5 43. Nc6+ Kd7 44. Na7 Rb7 0-1

[Event "IRL-ch 101st"]
[Site "Dublin"]
[Date "2022.07.03"]
[Round "2"]
[White "Li, Henry"]
[Black "Ivanov, Andrey A2222"]
[Result "1-0"]
[WhiteElo "2319"]
[BlackElo "1844"]
[PlyCount "89"]
[EventDate "2022.07.02"]
[EventType "swiss"]
[EventRounds "9"]
[EventCountry "IRL"]
[SourceTitle "CBM 209 Extra"]
[Source "ChessBase"]
[SourceDate "2022.09.30"]
[SourceVersion "1"]
[SourceVersionDate "2022.09.30"]
[SourceQuality "1"]

1. e4 c5 2. Nc3 g6 3. f4 Bg7 4. Nf3 Nc6 5. Bb5 Nd4 6. 0-0 Nxb5 7. Nxb5 a6 8. Nc3 e6 9. e5 d5 10. d4 cxd4 11. Nxd4 Ne7 12. Kh1 0-0 13. Qe2 Nc6 14. Be3 Nxd4 15. Bxd4 f6 16. a4 fxe5 17. fxe5 Qe7 18. Qe3 Qc7 19. Rxf8+ Kxf8 20. Bc5+ Kg8 21. Bd6 Qc4 22. Qd3 Qxd3 23. cxd3 Bf8 24. Bxf8 Kxf8 25. Ne2 Ke7 26. Nd4 Bd7 27. Kg1 Rf8 28. b3 Rf4 29. Nc2 b5 30. a5 Rf5 31. Re1 Rf8 32. Nb4 Rc8 33. Kf2 Rc3 34. Rb1 Bc8 35. Ke3 Bb7 36. g3 Rc8 37. Kd4 Rc7 38. Rf1 Rc8 39. h4 Rd8 40. Kc5 Rb8 41. Kb6 d4 42. Kc7 Bg2 43. Kxb8 Bxf1 44. Kb7 Kd7 45. Nxa6 1-0

[Event "Bunratty Masters 27th"]
[Site "Bunratty"]
[Date "2020.02.23"]
[Round "5"]
[White "Li, Henry"]
[Black "Turner, Matthew"]
[Result "1/2-1/2"]
[WhiteElo "2310"]
[BlackElo "2516"]
[PlyCount "120"]
[EventDate "2020.02.21"]
[EventType "swiss"]
[EventRounds "6"]
[EventCountry "IRL"]
[SourceTitle "EXT 2023"]
[Source "ChessBase"]
[SourceDate "2022.10.05"]
[SourceVersion "1"]
[SourceVersionDate "2022.10.05"]
[SourceQuality "1"]

1. e4 c5 2. Nf3 g6 3. d4 cxd4 4. Nxd4 Bg7 5. Nc3 Nc6 6. Be3 Nf6 7. Bc4 0-0 8. Bb3 a5 9. Ndb5 a4 10. Nxa4 Qa5+ 11. Nac3 Nxe4 12. Qd3 Nxc3 13. Nxc3 d5 14. Bd2 Bf5 15. Qxd5 Qxd5 16. Nxd5 Bxb2 17. Rd1 Be4 18. 0-0 Bxd5 19. Bxd5 Bg7 20. Bg5 e6 21. Bb3 h6 22. Be3 Rfc8 23. Rd7 Na5 24. Rfd1 b5 25. g3 g5 26. g4 Bf8 27. Ra7 Rxa7 28. Bxa7 Bc5 29. Bxc5 Rxc5 30. Rd7 Nc4 31. h3 Ne5 32. Rb7 Ng6 33. a4 bxa4 34. Bxa4 Nf4 35. Kh2 Rc4 36. Be8 Kf8 37. Bxf7 Rxc2 38. Bh5 Nxh5 39. gxh5 Rxf2+ 40. Kg3 Rf7 41. Rb8+ Ke7 42. Rh8 Rf6 43. h4 gxh4+ 44. Kxh4 e5 45. Kg4 Kf7 46. Rh7+ Ke6 47. Rg7 Rf4+ 48. Kg3 Rf7 49. Rg8 Rf1 50. Rg6+ Rf6 51. Rg8 Kd5 52. Rg6 Ke6 53. Rg8 Kf7 54. Rh8 Kg7 55. Re8 Rf5 56. Kg4 Rf4+ 57. Kg3 Kf7 58. Rh8 Rf6 59. Kg4 e4 60. Ra8 e3 1/2-1/2

[Event "Graz op-A"]
[Site "Graz"]
[Date "2020.02.18"]
[Round "6"]
[White "Stanec, Nikolaus"]
[Black "Li, Henry"]
[Result "1/2-1/2"]
[WhiteElo "2520"]
[BlackElo "2310"]
[PlyCount "58"]
[EventDate "2020.02.14"]
[EventType "swiss"]
[EventRounds "9"]
[EventCountry "AUT"]
[SourceTitle "CBM 195 Extra"]
[Source "ChessBase"]
[SourceDate "2020.05.31"]
[SourceVersion "1"]
[SourceVersionDate "2020.05.31"]
[SourceQuality "1"]

1. c4 Nf6 2. Nc3 g6 3. g3 Bg7 4. Bg2 0-0 5. Nf3 d6 6. 0-0 Nc6 7. Rb1 a5 8. d3 e5 9. a3 Re8 10. Bg5 h6 11. Bxf6 Bxf6 12. b4 axb4 13. axb4 Bg7 14. b5 Ne7 15. Qc2 c6 16. Nd2 Be6 17. bxc6 bxc6 18. Rb7 Bc8 19. Rb3 Be6 20. Rfb1 d5 21. Rb7 e4 22. dxe4 dxc4 23. Nd1 c3 24. Nxc3 Ra3 25. Nb3 Qc8 26. Rb6 Qd8 27. Rb7 Qc8 28. Rb6 Qd8 29. Rb7 Qc8 1/2-1/2

[Event "Graz op-A"]
[Site "Graz"]
[Date "2020.02.17"]
[Round "4"]
[White "Halvax, Georg"]
[Black "Li, Henry"]
[Result "1-0"]
[WhiteElo "2428"]
[BlackElo "2310"]
[PlyCount "109"]
[EventDate "2020.02.14"]
[EventType "swiss"]
[EventRounds "9"]
[EventCountry "AUT"]
[SourceTitle "CBM 195 Extra"]
[Source "ChessBase"]
[SourceDate "2020.05.31"]
[SourceVersion "1"]
[SourceVersionDate "2020.05.31"]
[SourceQuality "1"]

1. d4 Nf6 2. c4 g6 3. Nc3 Bg7 4. e4 0-0 5. Be2 d6 6. Be3 Nc6 7. d5 Ne5 8. f4 Neg4 9. Bd2 Nh6 10. Nf3 e6 11. 0-0 c6 12. e5 Nfg4 13. c5 dxe5 14. d6 exf4 15. Bxf4 e5 16. Bg5 f6 17. Bd2 Nf7 18. Bc4 Ngh6 19. Qb3 Kh8 20. Rad1 Qd7 21. Ne4 f5 22. Neg5 e4 23. Be6 Qe8 24. d7 Bxd7 25. Bxd7 Qxd7 26. Bc3 Qe7 27. Ne6 Bf6 28. Bxf6+ Qxf6 29. Nxf8 Rxf8 30. Nd4 Qe5 31. h3 Qxc5 32. Qxb7 Ne5 33. b4 Qd5 34. Nxf5 Qf7 35. Qxf7 Nhxf7 36. Nd6 Kg7 37. Nxf7 Rxf7 38. Rxf7+ Kxf7 39. Re1 Ke6 40. Rxe4 Kd5 41. Rf4 Nd3 42. Rf7 a6 43. a3 Kc4 44. Rxh7 Kb3 45. Ra7 c5 46. Rxa6 c4 47. Rc6 Ne5 48. b5 c3 49. Rf6 c2 50. Rf1 Kxa3 51. b6 Kb2 52. b7 Nd7 53. h4 c1Q 54. Rxc1 Kxc1 55. g4 1-0

[Event "Dublin Gonzaga Masters"]
[Site "Dublin"]
[Date "2020.01.26"]
[Round "4"]
[White "Li, Henry"]
[Black "Tiviakov, Sergei"]
[Result "1/2-1/2"]
[WhiteElo "2288"]
[BlackElo "2608"]
[PlyCount "119"]
[EventDate "2020.01.24"]
[EventType "swiss"]
[EventRounds "5"]
[EventCountry "IRL"]
[SourceTitle "CBM 194"]
[Source "ChessBase"]
[SourceDate "2020.01.27"]
[SourceVersion "1"]
[SourceVersionDate "2020.01.27"]
[SourceQuality "1"]

1. e4 d5 2. exd5 Qxd5 3. Nc3 Qd6 4. d4 Nf6 5. Nf3 c6 6. h3 Bf5 7. Ne5 Nbd7 8. Nc4 Qc7 9. Qf3 e6 10. Bf4 Qd8 11. 0-0-0 Nd5 12. g4 Nxc3 13. Qxc3 Be4 14. f3 Bd5 15. Nd6+ Bxd6 16. Bxd6 h5 17. Be2 Qg5+ 18. Kb1 Bxa2+ 19. Kxa2 Qd5+ 20. Qb3 Qxd6 21. Qb4 b6 22. Qxb6 Ke7 23. Qa6 Rhb8 24. Qa3 Nf6 25. Bc4 Rb4 26. b3 Nd5 27. Bxd5 cxd5 28. Kb2 a5 29. c3 Rb5 30. Ra1 Qxa3+ 31. Rxa3 Kf6 32. Kc2 Rh8 33. h4 g6 34. Kd3 Rhb8 35. Rb1 R8b7 36. Rb2 hxg4 37. fxg4 g5 38. h5 Kg7 39. Rf2 Rxb3 40. Rxa5 Rb1 41. c4 R1b3+ 42. Ke2 dxc4 43. Rxg5+ Kh6 44. Rc5 Rg3 45. d5 exd5 46. Rxd5 Rxg4 47. Rdf5 Re4+ 48. Kd1 Ree7 49. Kc2 Rbc7 50. R2f3 Kg7 51. Rg5+ Kf8 52. Rg4 Re2+ 53. Kc3 Rh2 54. Rxc4 Ra7 55. Rf5 Rh3+ 56. Kb2 Re7 57. Rc2 Kg7 58. Rg2+ Kh6 59. Rgf2 Rxh5 60. Rxf7 1/2-1/2

[Event "Dublin Irish New Year GM"]
[Site "Dublin"]
[Date "2020.01.04"]
[Round "4"]
[White "Li, Henry"]
[Black "Ryan, Joseph"]
[Result "0-1"]
[WhiteElo "2288"]
[BlackElo "2293"]
[PlyCount "126"]
[EventDate "2020.01.02"]
[EventType "tourn"]
[EventRounds "9"]
[EventCountry "IRL"]
[EventCategory "6"]
[SourceTitle "CBM 194 Extra"]
[Source "ChessBase"]
[SourceDate "2020.03.31"]
[SourceVersion "1"]
[SourceVersionDate "2020.03.31"]
[SourceQuality "1"]

1. e4 d5 2. exd5 Qxd5 3. Nc3 Qd6 4. d4 Nf6 5. Nf3 c6 6. g3 Bg4 7. Bg2 e6 8. 0-0 Be7 9. Bf4 Qd8 10. h3 Bxf3 11. Qxf3 0-0 12. Rad1 Nbd7 13. Rfe1 Qa5 14. a3 Rfe8 15. Ra1 Qb6 16. Qd3 Rad8 17. b4 Nd5 18. Nxd5 cxd5 19. c3 Rc8 20. Bd2 Qc6 21. f4 Nb6 22. f5 Bf6 23. fxe6 fxe6 24. h4 Nc4 25. Bc1 Nd6 26. Bd2 Qc4 27. Qxc4 Nxc4 28. Bg5 Bxg5 29. hxg5 Kf7 30. Ra2 Nd6 31. Rf2+ Kg6 32. Rfe2 Kf7 33. Rf2+ Ke7 34. Re3 Kd7 35. Bf1 Re7 36. a4 Nf7 37. g6 hxg6 38. Bd3 g5 39. Bg6 Nd6 40. Rc2 Rf8 41. Re5 g4 42. Bh5 Rf5 43. Bxg4 Rxe5 44. dxe5 Nc4 45. Re2 a5 46. Kf1 Re8 47. bxa5 Nxa5 48. Rb2 Kc7 49. Rf2 Re7 50. Ke2 Nc4 51. Bh3 Nxe5 52. Ke3 Nc4+ 53. Kd4 Kd6 54. Rf8 e5+ 55. Kd3 Nb2+ 56. Kc2 Nxa4 57. Rd8+ Kc6 58. Bg2 e4 59. c4 dxc4 60. Rc8+ Kd5 61. Bf1 b5 62. Rb8 Kc5 63. Rc8+ Kb4 0-1

[Event "Dublin Irish New Year GM"]
[Site "Dublin"]
[Date "2020.01.02"]
[Round "1"]
[White "Turner, Matthew"]
[Black "Li, Henry"]
[Result "1-0"]
[WhiteElo "2521"]
[BlackElo "2288"]
[PlyCount "65"]
[EventDate "2020.01.02"]
[EventType "tourn"]
[EventRounds "9"]
[EventCountry "IRL"]
[EventCategory "6"]
[SourceTitle "CBM 194 Extra"]
[Source "ChessBase"]
[SourceDate "2020.03.31"]
[SourceVersion "1"]
[SourceVersionDate "2020.03.31"]
[SourceQuality "1"]

1. d4 Nf6 2. Nf3 g6 3. c4 Bg7 4. g3 0-0 5. Bg2 d6 6. 0-0 Nc6 7. Nc3 e5 8. dxe5 dxe5 9. Bg5 Be6 10. Nd2 Qc8 11. Bxf6 Bxf6 12. Nd5 Bg7 13. Qa4 Kh8 14. Nb3 Bh3 15. Bxh3 Qxh3 16. Nxc7 Rac8 17. Nb5 e4 18. Nd6 Ne5 19. f3 exf3 20. exf3 Rcd8 21. Rad1 Qe6 22. c5 b6 23. f4 Ng4 24. Rfe1 Qf6 25. Qxa7 Ra8 26. Qe7 Qxb2 27. Re2 Qc3 28. Nxf7+ Kg8 29. Ng5 Rae8 30. Qxe8 Rxe8 31. Rxe8+ Bf8 32. Rdd8 Kg7 33. Rd7+ 1-0

[Event "IRL-chT"]
[Site "Dublin"]
[Date "2019.04.06"]
[Round "2.1"]
[White "Daly, Colm"]
[Black "Li, Henry"]
[Result "0-1"]
[WhiteElo "2278"]
[BlackElo "2308"]
[PlyCount "132"]
[EventDate "2019.04.05"]
[EventType "team-swiss"]
[EventRounds "5"]
[EventCountry "IRL"]
[SourceTitle "CBM 189 Extra"]
[Source "ChessBase"]
[SourceDate "2019.06.03"]
[SourceVersion "1"]
[SourceVersionDate "2019.06.03"]
[SourceQuality "1"]
[WhiteTeam "Bray"]
[BlackTeam "Gonzaga"]
[WhiteTeamCountry "IRL"]
[BlackTeamCountry "IRL"]

1. d4 Nf6 2. Nf3 g6 3. c4 Bg7 4. Nc3 0-0 5. e4 d6 6. Be2 e5 7. d5 a5 8. Bg5 h6 9. Bxf6 Qxf6 10. h4 Na6 11. h5 Nc5 12. Nd2 Qg5 13. g3 Bd7 14. Nb3 Nxb3 15. axb3 c6 16. dxc6 Bxc6 17. Bf3 f5 18. hxg6 Qxg6 19. exf5 Qxf5 20. Bd5+ Kh8 21. Ne4 Be8 22. Qd2 Bg6 23. Rh4 Bh7 24. Nxd6 Qf6 25. Ne4 Qb6 26. c5 Qc7 27. Rc1 Rad8 28. Nd6 b6 29. Nb7 Rb8 30. c6 e4 31. Rxh6 Bxh6 32. Qxh6 e3 33. f4 Qe7 34. Qd6 Rxb7 35. Qxe7 Rxe7 36. g4 Be4 37. c7 Rc8 38. Bxe4 Rxe4 39. Rc6 Rxf4 40. g5 Rb4 41. Rc3 Kg7 42. Ke2 Kg6 43. Kxe3 Kxg5 44. Kd3 Kf6 45. Kc2 Ke7 46. Kb1 Kd7 47. Ka2 Rxc7 48. Rd3+ Kc6 49. Ka3 Kb5 50. Rd5+ Rc5 51. Rd1 Rh5 52. Rd3 Rbh4 53. Ka2 Rh2 54. Rf3 Rg2 55. Ka3 Rh1 56. Rf5+ Ka6 57. Ka2 Rgg1 58. b4 a4 59. b5+ Ka5 60. b4+ Kxb4 61. Rf4+ Kxb5 62. Rf5+ Ka6 63. Rf8 Rh2+ 64. Ka3 Rg3+ 65. Kb4 Rh4+ 66. Rf4 Rxf4# 0-1

[Event "BCF-chT2b 1819 (4NCL)"]
[Site "England"]
[Date "2019.03.16"]
[Round "7.63"]
[White "Hill, Alistair"]
[Black "Li, Henry"]
[Result "1/2-1/2"]
[WhiteElo "2197"]
[BlackElo "2303"]
[PlyCount "75"]
[EventDate "2018.11.10"]
[EventType "team-tourn"]
[EventRounds "11"]
[EventCountry "ENG"]
[SourceTitle "EXT 2021"]
[Source "ChessBase"]
[SourceDate "2020.10.23"]
[SourceVersion "1"]
[SourceVersionDate "2020.10.23"]
[SourceQuality "1"]
[WhiteTeam "Cambridge University"]
[BlackTeam "Gonzaga"]
[WhiteTeamCountry "ENG"]
[BlackTeamCountry "ENG"]

1. c4 Nf6 2. d4 g6 3. Nc3 Bg7 4. e4 0-0 5. Be2 d6 6. Bg5 Na6 7. Qd2 e5 8. d5 c6 9. f3 h6 10. Be3 Nh5 11. g3 Kh7 12. Bd3 Nc5 13. Nge2 Bh3 14. Rg1 cxd5 15. cxd5 Qa5 16. Bc2 f5 17. exf5 Bxf5 18. g4 Bxc2 19. gxh5 Bf5 20. hxg6+ Kg8 21. Bxc5 Qxc5 22. Rc1 Rac8 23. Ne4 Qb6 24. Rxc8 Rxc8 25. Rg3 Rc4 26. b3 Rb4 27. Qc3 a5 28. Rg2 a4 29. N2g3 Bxg6 30. Ne2 axb3 31. axb3 Rxb3 32. Qc8+ Kh7 33. Rxg6 Rb1+ 34. Kd2 Qb2+ 35. Ke3 Qb6+ 36. Kd2 Qb2+ 37. Ke3 Qb6+ 38. Kd2 1/2-1/2

[Event "Bunratty Masters 26th"]
[Site "Bunratty"]
[Date "2019.02.24"]
[Round "6"]
[White "Li, Henry"]
[Black "Voiteanu, Christian Gabriel"]
[Result "0-1"]
[WhiteElo "2287"]
[BlackElo "2121"]
[PlyCount "84"]
[EventDate "2019.02.22"]
[EventType "swiss"]
[EventRounds "6"]
[EventCountry "IRL"]
[SourceTitle "EXT 2024"]
[Source "ChessBase"]
[SourceDate "2023.10.10"]
[SourceVersion "1"]
[SourceVersionDate "2023.10.10"]
[SourceQuality "1"]

1. e4 e5 2. Nf3 Nc6 3. Bb5 a6 4. Ba4 Nf6 5. 0-0 Be7 6. Re1 b5 7. Bb3 d6 8. c3 0-0 9. h3 Nb8 10. d4 Nbd7 11. Nbd2 Bb7 12. Bc2 Re8 13. Nf1 Bf8 14. Ng3 g6 15. b3 Bg7 16. d5 Rc8 17. Bg5 c6 18. c4 bxc4 19. bxc4 Nc5 20. Qd2 a5 21. Qe3 Ba6 22. Nd2 Qc7 23. Rac1 Rb8 24. Nb3 Nfd7 25. Bh6 f6 26. h4 a4 27. Nxc5 Nxc5 28. Bxg7 Kxg7 29. h5 Rb4 30. f4 Rxc4 31. Bb1 exf4 32. Qxf4 cxd5 33. Rf1 Qe7 34. hxg6 hxg6 35. Qg4 Rxc1 36. Rxc1 Bc8 37. Qh4 Qe5 38. Ne2 dxe4 39. Qe1 Ba6 40. Rd1 Nd3 41. Qg3 Qc5+ 42. Kf1 Re5 0-1

[Event "Bunratty Masters 26th"]
[Site "Bunratty"]
[Date "2019.02.23"]
[Round "4"]
[White "Li, Henry"]
[Black "Lalic, Bogdan"]
[Result "1/2-1/2"]
[WhiteElo "2287"]
[BlackElo "2406"]
[PlyCount "27"]
[EventDate "2019.02.22"]
[EventType "swiss"]
[EventRounds "6"]
[EventCountry "IRL"]
[SourceTitle "EXT 2024"]
[Source "ChessBase"]
[SourceDate "2023.10.10"]
[SourceVersion "1"]
[SourceVersionDate "2023.10.10"]
[SourceQuality "1"]

1. e4 c6 2. d4 d5 3. exd5 cxd5 4. c4 Nf6 5. Nc3 Nc6 6. cxd5 Nxd5 7. Bc4 Nb6 8. Bb5 e6 9. Nf3 Be7 10. 0-0 0-0 11. Re1 Bd7 12. a3 Nd5 13. Nxd5 exd5 14. Bf4 1/2-1/2

[Event "Dublin Gonzaga Masters"]
[Site "Dublin"]
[Date "2019.01.27"]
[Round "4"]
[White "Li, Henry"]
[Black "Turner, Matthew"]
[Result "0-1"]
[WhiteElo "2193"]
[BlackElo "2518"]
[PlyCount "102"]
[EventDate "2019.01.25"]
[EventType "swiss"]
[EventRounds "5"]
[EventCountry "IRL"]
[SourceTitle "CBM 188 Extra"]
[Source "ChessBase"]
[SourceDate "2019.02.26"]
[SourceVersion "1"]
[SourceVersionDate "2019.02.26"]
[SourceQuality "1"]

1. e4 e5 2. Nf3 Nc6 3. Bb5 a6 4. Ba4 Nf6 5. 0-0 Be7 6. Re1 b5 7. Bb3 d6 8. c3 0-0 9. h3 Nb8 10. d4 Nbd7 11. Nbd2 Bb7 12. Bc2 Re8 13. Nf1 Bf8 14. Ng3 g6 15. b3 a5 16. Rb1 b4 17. Bd2 bxc3 18. Bxc3 exd4 19. Qxd4 Bg7 20. Qd2 Nc5 21. Bd4 Nfxe4 22. Nxe4 Bxe4 23. Bxg7 Kxg7 24. Bxe4 Rxe4 25. Rxe4 Nxe4 26. Qd4+ Nf6 27. Re1 c5 28. Qc3 a4 29. Rd1 axb3 30. axb3 Qe7 31. b4 Ra2 32. Re1 cxb4 33. Qxb4 Qa7 34. Qd4 Qxd4 35. Nxd4 d5 36. Rd1 Ne4 37. Nc6 Nc3 38. Rd3 Ne2+ 39. Kh2 Nf4 40. Rf3 Ne6 41. Nb4 Rd2 42. Rd3 Rxd3 43. Nxd3 Kf6 44. g4 Ke7 45. Kg3 Kd6 46. f4 d4 47. Kf3 Kd5 48. g5 Kc4 49. Ke2 Nc5 50. Nf2 Kc3 51. h4 Kc2 0-1